|
|
|
|
| LEADER |
00704nam a2200253 a 4500 |
| 001 |
adlib96000001 |
| 003 |
ViArRB |
| 005 |
20151026130938.0 |
| 008 |
960221s1955 dcuabcdjdbkoqu001 0deng d |
| 020 |
|
|
|
| 022 |
|
|
|
| 040 |
|
|
|a Adlib
|
| 082 |
|
|
|a 954"1930/1947"
|
| 245 |
|
|
|a British Conservative Party and Indian Independence 1930-1947.
|
| 250 |
|
|
|
| 260 |
|
|
|a New Delhi
|b Ashiash
|c 1976
|
| 300 |
|
|
|a xiv, 336 p
|
| 500 |
|
|
|a Bibliog. P. 309-332
|
| 100 |
|
|
|a Veerathuppa, K
|
| 700 |
|
|
|
| 942 |
|
|
|c BK
|6 _
|
| 653 |
|
|
|a British Conservative Party
|
| 999 |
|
|
|c 16964
|d 16964
|
| 952 |
|
|
|0 0
|1 0
|4 0
|6 95419301947_VEE
|7 0
|9 28497
|a UL
|b UL
|d 2010-06-16
|o 954"1930/1947" VEE
|p 00015058
|r 2010-06-16
|w 2010-06-16
|y BK
|